[Event "Kimry-ch"]
[Site "Kimry"]
[Date "2016.01.05"]
[Round "7"]
[White "Chernyaev, Vladimir"]
[Black "Perelygin, Georgy"]
[Result "1-0"]
[WhiteElo "1585"]
[BlackElo "1685"]
[PlyCount "113"]
[EventDate "2016.01.02"]
[EventType "swiss"]
[EventRounds "9"]
[EventCountry "RUS"]
[SourceTitle "CBM 170 Extra"]
[Source "ChessBase"]
[SourceDate "2016.02.25"]
[SourceVersion "1"]
[SourceVersionDate "2016.02.25"]
[SourceQuality "1"]

1. d4 Nf6 2. c4 c6 3. Nc3 d5 4. cxd5 cxd5 5. Nf3 Nc6 6. Ne5 e6 7. Bg5 Be7 8. e3 0-0 9. Nxc6 bxc6 10. Bd3 a5 11. 0-0 Ba6 12. f3 Nd7 13. Bxe7 Qxe7 14. e4 Qb4 15. Bxa6 Rxa6 16. Qd3 Rb6 17. b3 Rd8 18. Rfc1 Nf6 19. e5 Nd7 20. Na4 Rbb8 21. Rxc6 Rdc8 22. Rac1 Rxc6 23. Rxc6 g6 24. h3 h5 25. Rd6 Qe1+ 26. Qf1 Qe3+ 27. Qf2 Qc1+ 28. Kh2 Nf8 29. Nc5 Rc8 30. Ra6 Qg5 31. Rxa5 h4 32. Ra7 Qf4+ 33. Kh1 g5 34. b4 Ng6 35. b5 Qc1+ 36. Qg1 Qb2 37. a4 Nf4 38. Rb7 Ne2 39. Qd1 Nxd4 40. Nd3 Qa2 41. b6 Rc3 42. Rc7 Rb3 43. Nc1 Qa1 44. Qd2 Nxf3 45. gxf3 Qxe5 46. Nxb3 Qg3 47. Qg2 Qe1+ 48. Qg1 Qe5 49. Rc8+ Kh7 50. b7 Qf5 51. b8Q Qxh3+ 52. Qbh2 Qxf3+ 53. Qhg2 Qxb3 54. Qc1 f5 55. Qc7+ Kh6 56. Rh8+ Kg6 57. Rg8+ 1-0

[Event "Kimry-ch"]
[Site "Kimry"]
[Date "2016.01.03"]
[Round "3"]
[White "Sepp, Yuri"]
[Black "Perelygin, Georgy"]
[Result "1-0"]
[WhiteElo "1941"]
[BlackElo "1685"]
[PlyCount "65"]
[EventDate "2016.01.02"]
[EventType "swiss"]
[EventRounds "9"]
[EventCountry "RUS"]
[SourceTitle "CBM 170 Extra"]
[Source "ChessBase"]
[SourceDate "2016.02.25"]
[SourceVersion "1"]
[SourceVersionDate "2016.02.25"]
[SourceQuality "1"]

1. e4 e5 2. Nf3 Nc6 3. Bb5 a6 4. Ba4 d6 5. c3 Be7 6. 0-0 b5 7. Bb3 Na5 8. Bc2 c5 9. a3 Nf6 10. d4 cxd4 11. cxd4 Nc6 12. a4 Bb7 13. axb5 axb5 14. Rxa8 Qxa8 15. Re1 0-0 16. d5 Nb8 17. Nc3 Ba6 18. b4 Nbd7 19. Be3 Qc8 20. Qd3 Re8 21. Ra1 Nxe4 22. Nxe4 f5 23. Nxd6 Bxd6 24. Qxf5 Nf6 25. Ng5 e4 26. Qxc8 Bxc8 27. Bc5 Bf4 28. Ne6 Nxd5 29. Nxf4 Nxf4 30. Ra8 Nd3 31. Bb3+ Kh8 32. Bf7 Rd8 33. Be7 1-0